| 000 | 00857 a2200241 4500 | ||
|---|---|---|---|
| 005 | 20140903175011.0 | ||
| 008 | 140120s1991 xxu fr 001 0 eng | ||
| 020 | _a0202303772 | ||
| 040 |
_aCO-BoUCM _bspa _cJose A. Gerena _dAldemar Mondragón |
||
| 041 | 0 | 0 | _aeng |
| 100 | 1 |
_aAltheide, David L. _953702 |
|
| 245 | 1 | 0 |
_aMedia Worlds in the Postjournalism Era _cDavid L. Altheide, Robert P. Snow |
| 260 |
_bAldine de gruyter _aNueva York (Estados Unidos) _c1991 |
||
| 300 | _axiii, 274 páginas | ||
| 490 | _aComunication and social order | ||
| 504 | _aIncluye referencias bibliográficas e índices | ||
| 650 | 7 |
_aMedios de comunicación de masas _954129 |
|
| 650 | 7 |
_aPeriodismo _954130 |
|
| 690 |
_942898 _aPeriodismo |
||
| 700 | 1 |
_aSnow, Robert P. _953703 |
|
| 942 |
_cLIBRO _a24 _e1 _mA467m _2DEWEY _h302.23 |
||
| 999 |
_c183658 _d183658 |
||